[Event "29 Ago 2020 09:03"]
[Site "http://www.queenalice.com/game.php?id=1625349"]
[Date "2020.8.29"]
[Round "-"]
[White "zubarev"]
[Black "a_pawn"]
[Result "0-1"]
[WhiteElo "1697"]
[BlackElo "1704"]

1. c4 e5 2. Nc3 Bb4 3. Qb3 Nc6 4. e3 d6 5. Be2 Be6 6. Nf3 f5 7. Nd5 a5 8. a3 e4
9. Nd4 Nxd4 10. exd4 c6 11. Nf4 Bf7 12. O-O Bxc4 13. Bxc4 d5 14. Be2 Qb8 15. d3
Bd6 16. dxe4 a4 17. Qa2 Bxf4 18. exd5 Bxh2+ 19. Kh1 Ne7 20. g3 Bxg3 21. fxg3
Qxg3 22. Bf4 Qh3+ 23. Bh2 Nxd5 24. Bc4 Ne3 25. Bf7+ Kf8 26. b4 Nxf1 27. Bh5 g6
28. Bd1 Ng3+ 0-1

[Event "Challenge"]
[Site "http://www.queenalice.com/game.php?id=1628410"]
[Date "2020.9.29"]
[Round "-"]
[White "a_pawn"]
[Black "marcomasao"]
[Result "0-1"]
[WhiteElo "1710"]
[BlackElo "1954"]

1. d4 d5 2. Nc3 Bf5 3. Nf3 Nc6 4. e3 Nf6 5. Bb5 Qd6 6. O-O a6 7. Ba4 b5 8. Bb3
e6 9. a4 b4 10. Ne2 a5 11. c4 bxc3 12. bxc3 Be7 13. Ba3 Qd7 14. Nd2 h5 15. Ng3
h4 16. Nxf5 exf5 17. h3 g5 18. f3 g4 19. fxg4 fxg4 20. Qe2 gxh3 21. gxh3 Qxh3
22. Kf2 Qg3# 0-1

[Event "Challenge"]
[Site "http://www.queenalice.com/game.php?id=1629615"]
[Date "2020.10.12"]
[Round "-"]
[White "marcomasao"]
[Black "a_pawn"]
[Result "0-1"]
[WhiteElo "2022"]
[BlackElo "1734"]

1. e4 e5 2. Bc4 c6 3. Nf3 d5 4. exd5 cxd5 5. Bb3 Nc6 6. d4 Bg4 7. c3 g6 8. h3
Bxf3 9. Qxf3 Nge7 10. Bg5 Qd6 11. Nd2 exd4 12. Bf6 Rg8 13. cxd4 Bg7 14. Bxg7
Rxg7 15. Ba4 O-O-O 16. a3 Nxd4 17. Qc3+ Nec6 18. Bxc6 Qe5+ 19. Kf1 Nxc6 20. Qc2
Kb8 21. Rb1 f5 22. b4 Rc7 23. Qa2 Rdc8 24. Nf3 Nd4 25. Re1 Nxf3 26. gxf3 Qd4 27.
Kg2 Rc2 28. Qxc2 Rxc2 29. Rhf1 a6 30. Rd1 Rxf2+ 31. Kg3 f4+ 32. Kg4 h5+ 33. Kg5
Rg2+ 0-1

[Event "Tatiane se foi...P.E."]
[Site "http://www.queenalice.com/game.php?id=1629689"]
[Date "2020.10.13"]
[Round "-"]
[White "zubarev"]
[Black "a_pawn"]
[Result "1-0"]
[WhiteElo "1760"]
[BlackElo "1718"]

1. d4 d5 2. Nc3 e6 3. Nf3 Bb4 4. Bd2 Nc6 5. e3 Nf6 6. Ne5 Bd7 7. Be2 Qe7 8. f4
Nxe5 9. fxe5 Ng4 10. O-O Bxc3 11. Bxc3 Nxe3 12. Qd3 Nxf1 13. Rxf1 O-O-O 14. b3
f5 15. exf6 gxf6 16. Qf3 h5 17. Bd2 h4 18. Qxf6 Qxf6 19. Rxf6 Rdg8 20. h3 e5 21.
Kh2 Rf8 22. dxe5 Rxf6 23. exf6 Be6 24. Bc3 c5 25. Be5 Bf7 26. Bg4+ Kd8 27. Kg1
Bh5 28. f7 Rf8 29. Bd6 Rxf7 30. Bxh5 Rh7 31. Bg4 b6 32. c3 Rb7 33. Bf3 Rd7 34.
Bf4 d4 35. c4 d3 36. Bd2 a6 37. Kf2 b5 38. Ba5+ Ke7 39. Ke3 b4 40. Bb6 d2 41.
Bxc5+ Kd8 42. Bd1 Rg7 43. Kf2 Rg5 44. Bxb4 1-0

[Event "Let's Play Chess!"]
[Site "http://www.queenalice.com/game.php?id=1631554"]
[Date "2020.11.3"]
[Round "-"]
[White "igorjava"]
[Black "a_pawn"]
[Result "0-1"]
[WhiteElo "1948"]
[BlackElo "1750"]

1. e4 e5 2. f4 Bc5 3. Nf3 d6 4. Bc4 Nc6 5. c3 Be6 6. Be2 f5 7. d3 Qd7 8. Ng5 Nf6
9. Nxe6 Qxe6 10. fxe5 dxe5 11. exf5 Qxf5 12. g3 O-O-O 13. Rf1 Qe6 14. Bg5 Kb8
15. Nd2 h6 16. Bxf6 gxf6 17. Bg4 Qe7 18. Ne4 Rhf8 19. Kd2 Na5 20. b3 Ba3 21. Kc2
h5 22. Bf5 c5 23. Qxh5 Rd5 24. Nd2 Qd6 25. Rad1 b5 26. Be4 c4 27. dxc4 Rd4 28.
cxd4 Qxd4 29. Rb1 Bb4 30. Rbd1 Qc3+ 31. Kb1 Ba3 0-1

[Event "Let's Play Chess!"]
[Site "http://www.queenalice.com/game.php?id=1631555"]
[Date "2020.11.3"]
[Round "-"]
[White "a_pawn"]
[Black "igorjava"]
[Result "0-1"]
[WhiteElo "1774"]
[BlackElo "1907"]

1. d4 d5 2. Nc3 Nf6 3. Bg5 h6 4. Bxf6 exf6 5. e4 dxe4 6. Nxe4 c6 7. Qe2 Qe7 8.
Nd6+ Kd8 9. Qxe7+ Kxe7 10. Nf5+ Bxf5 11. O-O-O Kd7 12. Bc4 Be6 13. d5 cxd5 14.
Bxd5 Kc7 15. Nf3 Nc6 16. a3 Bc5 17. Rhf1 Rad8 18. Be4 Rxd1+ 19. Kxd1 Rd8+ 20.
Kc1 Ne5 21. Nd2 f5 22. b4 Be7 23. Bf3 Bg5 24. Rd1 Nxf3 25. gxf3 Bxd2+ 26. Rxd2
Rxd2 27. Kxd2 b5 28. Kd3 Kd6 29. f4 Kd5 30. h4 f6 31. c3 g5 32. h5 g4 33. Ke3
Bf7 34. f3 Bxh5 35. fxg4 fxg4 36. f5 Ke5 0-1

[Event "Let's Play Chess!"]
[Site "http://www.queenalice.com/game.php?id=1631718"]
[Date "2020.11.3"]
[Round "-"]
[White "a_pawn"]
[Black "Experimentator"]
[Result "0-1"]
[WhiteElo "1734"]
[BlackElo "1742"]

1. d4 h5 2. e4 a5 3. Be2 h4 4. Nf3 h3 5. g3 a4 6. Nh4 e6 7. Bg4 d5 8. e5 c5 9.
Bxh3 g5 10. Bxg5 Qxg5 11. Nf3 Qh5 12. Bg2 Nc6 0-1

[Event "Challenge"]
[Site "http://www.queenalice.com/game.php?id=1632023"]
[Date "2020.11.6"]
[Round "-"]
[White "a_pawn"]
[Black "marcomasao"]
[Result "0-1"]
[WhiteElo "1762"]
[BlackElo "1989"]

1. d4 d5 2. Bf4 Bf5 3. Nf3 Nc6 4. a3 Nf6 5. Nh4 Qd7 6. g3 h6 7. Bd2 Nxd4 8. e4
Nxe4 9. Bd3 Bh7 10. Be3 g5 11. Bxd4 Rg8 12. f3 gxh4 13. g4 c5 14. Bxc5 Nxc5 15.
Bxh7 Rg7 16. Bd3 Nxd3+ 17. cxd3 e5 18. Nc3 b5 19. Qe2 O-O-O 20. O-O-O d4 21. Ne4
Kb8 22. Kb1 b4 23. axb4 Bxb4 24. b3 Qb5 25. Rc1 Ba3 26. Rc4 Rg6 27. Kc2 Rc6 28.
Ra1 Rxc4+ 29. Kd1 Qxb3+ 30. Ke1 Rc2 31. Qd1 Rdc8 32. Nd2 Qxd3 33. Nb3 Qe3+ 0-1

[Event "Challenge"]
[Site "http://www.queenalice.com/game.php?id=1634045"]
[Date "2020.11.23"]
[Round "-"]
[White "marcomasao"]
[Black "a_pawn"]
[Result "1-0"]
[WhiteElo "2039"]
[BlackElo "1755"]

1. e4 e5 2. Bc4 Bc5 3. Nf3 d6 4. Nc3 Nf6 5. Qe2 Bg4 6. d3 Nc6 7. Be3 Bb4 8. Bd2
Nd4 9. Qd1 Qd7 10. a3 Bxc3 11. Bxc3 Qa4 12. Bxd4 exd4 13. b3 Qd7 14. b4 d5 15.
exd5 Nxd5 16. Bxd5 Qxd5 17. h3 Qe6+ 18. Kd2 Bh5 19. Re1 Bxf3 20. Qxf3 1-0

[Event "Challenge"]
[Site "http://www.queenalice.com/game.php?id=1637769"]
[Date "2020.12.26"]
[Round "-"]
[White "a_pawn"]
[Black "marcomasao"]
[Result "0-1"]
[WhiteElo "1702"]
[BlackElo "2005"]

1. d4 d5 2. Nf3 Bf5 3. Bf4 Nc6 4. c3 Nf6 5. e3 Qd7 6. Bb5 a6 7. Ne5 Qe6 8. Bxc6+
bxc6 9. Qa4 g6 10. Nd2 Qc8 11. Qxc6+ Bd7 12. Nxd7 Nxd7 13. Nb3 e6 14. Nc5 Bxc5
15. Be5 Rg8 16. dxc5 a5 17. Qa4 c6 18. Bd6 Qa6 19. Qh4 g5 20. Qxh7 Nf6 21. Qh6
Ne4 22. Qh7 Nf6 23. Qh6 Ne4 24. f3 Nxd6 25. cxd6 Qd3 26. Qf6 Qxe3+ 27. Kf1 Qd3+
28. Kf2 Ra7 29. Rhe1 Qb5 30. Rxe6+ fxe6 31. Qxe6+ Kf8 32. Qf6+ Rf7 33. Qh6+ Rgg7
34. Qh3 Qxb2+ 35. Kg3 Rh7 36. Qc8+ Kg7 37. d7 Rh4 38. d8=Q Rxf3+ 39. Kxf3 Qxc3+
40. Kf2 Rf4+ 41. Kg1 Qxa1# 0-1

[Event "Challenge"]
[Site "http://www.queenalice.com/game.php?id=1638529"]
[Date "2021.1.1"]
[Round "-"]
[White "marcomasao"]
[Black "a_pawn"]
[Result "1-0"]
[WhiteElo "1985"]
[BlackElo "1707"]

1. e4 e5 2. Bc4 f5 3. exf5 Nf6 4. Nf3 Nc6 5. Nc3 d6 6. Ng5 d5 7. Bb3 Bxf5 8. d3
Bb4 9. Bd2 Nd4 10. a3 Nxb3 11. axb4 Nxa1 12. Qxa1 e4 13. O-O h6 14. dxe4 Nxe4
15. Ngxe4 d4 16. Re1 O-O 17. Na4 Qd5 18. Ng3 b6 19. b3 Bxc2 20. Rc1 d3 21. Nc3
Qd4 22. Nce4 Qd7 23. Qc3 Rac8 24. Ra1 c5 25. bxc5 bxc5 26. Nxc5 Qf7 27. Nge4
Bxb3 28. Qxb3 Rce8 29. Qxf7+ Rxf7 30. Nd6 1-0

[Event "Challenge"]
[Site "http://www.queenalice.com/game.php?id=1643589"]
[Date "2021.2.13"]
[Round "-"]
[White "marcomasao"]
[Black "a_pawn"]
[Result "1-0"]
[WhiteElo "2030"]
[BlackElo "1704"]

1. e4 e5 2. Bc4 Nc6 3. Nf3 d6 4. Nc3 Bg4 5. h3 Bh5 6. g4 Bg6 7. d3 h6 8. Be3 Qd7
9. Qe2 O-O-O 10. a3 Be7 11. Bb5 Kb8 12. b4 Nf6 13. Nd5 Ng8 14. a4 a6 15. Bc4 Nf6
16. b5 Nxd5 17. bxc6 Qxc6 18. exd5 Qd7 19. O-O f5 20. Rfb1 a5 21. Ba6 b6 22.
Bxb6 cxb6 23. Rxb6+ Ka8 24. Bb7+ Ka7 25. Bc6 Qc7 26. Rb7+ Qxb7 27. Bxb7 Kxb7 28.
d4 e4 29. Rb1+ Kc7 30. Qb5 Rb8 31. Qc6+ 1-0

[Event "Challenge"]
[Site "http://www.queenalice.com/game.php?id=1643710"]
[Date "2021.2.15"]
[Round "-"]
[White "marcomasao"]
[Black "a_pawn"]
[Result "1-0"]
[WhiteElo "1995"]
[BlackElo "1715"]

1. e4 e5 2. Bc4 Bc5 3. Nf3 d6 4. h3 Nf6 5. Nc3 Nc6 6. Qe2 O-O 7. d3 Nd4 8. Nxd4
Bxd4 9. Nb5 Bc5 10. Be3 Bb6 11. Bxb6 axb6 12. g4 c6 13. Nc3 d5 14. exd5 cxd5 15.
Bb3 d4 16. Ne4 Nd5 17. O-O-O Nb4 18. a3 Nd5 19. Rdg1 Be6 20. f3 Qd7 21. g5 Nf4
22. Qd2 Bxb3 23. cxb3 Qb5 24. Rh2 Nxd3+ 25. Kb1 Qxb3 26. Qc2 Rxa3 27. Qxb3 Rxb3
28. Kc2 Rxb2+ 29. Kxd3 Rxh2 30. Rg3 Ra8 31. Kc4 Ra5 32. Nd6 Rc2+ 33. Kd3 Rc3+
34. Ke4 d3 35. f4 exf4 36. Kxf4 d2 37. Rxc3 g6 38. Rd3 Ra2 39. Ne4 Ra5 40. Rxd2
Rf5+ 41. Kg4 Kg7 42. Rd8 h6 43. h4 b5 44. Nf6 Rxf6 45. gxf6+ Kxf6 46. Rd5 h5+
47. Kf4 Kg7 48. Rxb5 Kh6 49. Rb6 Kg7 50. Rxb7 Kf8 51. Kg5 1-0

[Event "Delicio1992"]
[Site "http://www.queenalice.com/game.php?id=1643972"]
[Date "2021.2.17"]
[Round "-"]
[White "zubarev"]
[Black "a_pawn"]
[Result "1-0"]
[WhiteElo "1702"]
[BlackElo "1710"]

1. e4 e5 2. Nf3 d6 3. Bc4 Bg4 4. O-O Be7 5. Be2 Nf6 6. Nc3 c6 7. d3 Qb6 8. Rb1
d5 9. Nxe5 Bxe2 10. Qxe2 dxe4 11. Nxe4 Qa6 12. a3 Nxe4 13. Qxe4 Qa5 14. f4 Qc5+
15. Kh1 Qxc2 16. Be3 Qb3 17. Bd4 c5 18. Bc3 f6 19. Nc4 Nc6 20. Rfe1 O-O 21. Qd5+
Kh8 22. Qf3 Nd4 23. Bxd4 cxd4 24. Rxe7 b5 25. Nd6 Qa2 26. Rbe1 h6 27. Qh5 Kg8
28. Qg6 1-0

[Event "Fortal Filmes "]
[Site "http://www.queenalice.com/game.php?id=1643973"]
[Date "2021.2.17"]
[Round "-"]
[White "a_pawn"]
[Black "zubarev"]
[Result "1-0"]
[WhiteElo "1690"]
[BlackElo "1751"]

1. d4 d5 2. Bf4 Nf6 3. Nc3 e6 4. Bg5 Be7 5. Nf3 O-O 6. e3 Nc6 7. a3 Ne4 8. Bxe7
Qxe7 9. Nd2 f5 10. f3 Nxc3 11. bxc3 Bd7 12. c4 Qg5 13. f4 Qe7 14. cxd5 exd5 15.
Nf3 Qe4 16. Qd2 Rae8 17. Ne5 Rxe5 18. dxe5 Be6 19. Bd3 Qa4 20. O-O d4 21. e4 Ne7
22. Rfb1 c5 23. Bb5 Qxb5 24. Rxb5 b6 25. exf5 Nxf5 26. g4 Ne3 27. f5 Bd5 28. h3
Bc4 29. Rbb1 Kf7 30. c3 Rd8 31. Rc1 Ke7 32. cxd4 cxd4 33. Rxc4 Nxc4 34. Qb4+ Ke8
35. Qxc4 d3 36. Rd1 Ke7 37. Rxd3 Re8 38. Qc7+ Kf8 39. Rd7 1-0

[Event "Blushanne xo "]
[Site "http://www.queenalice.com/game.php?id=1644608"]
[Date "2021.2.23"]
[Round "-"]
[White "a_pawn"]
[Black "zubarev"]
[Result "1-0"]
[WhiteElo "1701"]
[BlackElo "1643"]

1. d4 d5 2. Nc3 Nf6 3. Bg5 e6 4. Nf3 Be7 5. e3 O-O 6. Bd3 c6 7. O-O Nbd7 8. e4
dxe4 9. Nxe4 Nxe4 10. Bxe7 Nxf2 11. Bxd8 Nxd1 12. Raxd1 Rxd8 13. Ng5 g6 14. Nxf7
Rf8 15. Ng5 b6 16. Nxe6 Rxf1+ 17. Rxf1 Bb7 18. Ng5 Rf8 19. Bc4+ Kg7 20. Ne6+ Kh6
21. Nxf8 Nxf8 22. Rxf8 1-0

[Event "Challenge"]
[Site "http://www.queenalice.com/game.php?id=1645612"]
[Date "2021.3.4"]
[Round "-"]
[White "a_pawn"]
[Black "marcomasao"]
[Result "0-1"]
[WhiteElo "1694"]
[BlackElo "2004"]

1. d4 d5 2. e3 Bf5 3. Bd3 Qd7 4. Nf3 Nc6 5. O-O Nf6 6. c4 dxc4 7. Bxc4 e6 8. a3
Bd6 9. Nc3 h6 10. Re1 Ne4 11. d5 exd5 12. Nxd5 Ne7 13. Nd4 Nxd5 14. Nxf5 Qxf5
15. f3 Nb6 16. fxe4 Qe5 17. Qb3 Qxh2+ 18. Kf2 Bg3+ 19. Kf3 Bxe1 20. Qb5+ c6 21.
Qf5 Qg3+ 22. Ke2 Nxc4 23. b3 Nd6 24. Qf3 Qxf3+ 25. Kxf3 Bc3 26. Ra2 O-O-O 27.
Rc2 Be5 28. Rc5 f6 29. Bd2 g5 30. b4 h5 31. a4 g4+ 32. Kf2 Nxe4+ 0-1

[Event "Challenge"]
[Site "http://www.queenalice.com/game.php?id=1647664"]
[Date "2021.3.25"]
[Round "-"]
[White "marcomasao"]
[Black "a_pawn"]
[Result "0-1"]
[WhiteElo "2013"]
[BlackElo "1708"]

1. e4 e5 2. Bc4 c6 3. Nf3 d5 4. exd5 cxd5 5. Bb3 Nc6 6. d4 e4 7. Qe2 Be6 8. Ng5
Nxd4 9. Qe3 Bc5 10. Qf4 Rc8 11. c3 Qa5 12. Bxd5 Bxd5 13. Qe5+ Be7 14. Qxd4 Bf6
15. Qe3 Rc7 16. Bd2 Bc6 17. f4 h6 18. Nh3 Be7 19. Nf2 Nf6 20. c4 Qf5 21. Nc3 Bc5
22. Qe2 Re7 23. Be3 h5 24. O-O-O O-O 25. h4 Rb8 26. Rdg1 b5 27. g4 Bxe3+ 28.
Qxe3 Nxg4 29. Nxg4 hxg4 30. Rg3 b4 31. Ne2 Rd7 32. Rhg1 Qe6 33. b3 f5 34. Nd4
Qh6 35. Nxf5 Qf6 36. Rxg4 Rbb7 37. Rg5 Rd3 38. Kb1 Rxe3 39. Nxe3 Qxf4 40. Nf5 e3
41. Nh6+ Kh8 42. Nf5 Be4+ 43. Ka1 Qe5+ 44. Nd4 Qxd4# 0-1

[Event "Challenge"]
[Site "http://www.queenalice.com/game.php?id=1684341"]
[Date "2021.4.25"]
[Round "-"]
[White "zmanomega"]
[Black "a_pawn"]
[Result "0-1"]
[WhiteElo "1643"]
[BlackElo "1736"]

1. e4 e5 2. d4 exd4 3. c3 dxc3 4. Bc4 cxb2 5. Bxb2 d5 6. Bxd5 Nf6 7. Nc3 Be7 8.
Nge2 c6 9. Bxf7+ Kxf7 10. Qb3+ Kf8 11. Rd1 Qb6 12. Qc2 Ng4 13. O-O Kf7 14. Rd4
Rf8 15. h3 Bc5 16. hxg4 Bxd4 17. Nxd4 Qxd4 18. Qe2 Qd7 19. f3 b6 20. Rd1 Qc7 21.
e5 Be6 22. Qe4 Kg8 23. g5 Nd7 24. Ne2 Bxa2 25. g6 hxg6 26. Qxg6 Nxe5 27. Qg5
Rae8 28. Kf2 Bc4 29. Kg1 Nxf3+ 30. gxf3 Rxe2 31. Ba3 Qh2+ 0-1